000
00327nas a22001337a 4500
005
20251108175429.0
008
250721s9999 xx || 000 0 eng d
082
1
4
_a
R/ 370.5/PRO
245
1
0
_a
prospects /
264
_b
مجلة التربية الفصلية,
650
1
7
_a
EDUCATION
942
_2
ddc
_c
PER
999
_c
133948
_d
133948